000 01588nam0a2200373 4500
001 RU\NLR\bibl\197379
005 20260405141954.0
010 _a5-9246-0016-5
_910000
021 _aRU
_b2001-3264
_9169
035 _a(NLR Aleph) 000193821
090 _a1121620
_c1121620
100 _a20011022d2001 |||y0rusy50 ca
101 0 _arus
102 _aRU
105 _aa |||||||||
200 1 _aУрожайность. Мастерство или волшебство?
_eСправ. огородника-садовода
_fНиколай Пономарев
210 _aСПб.
_cФолио-плюс
_d2001
215 _a304 с.
_cил.
_d21
606 0 _aУрожайность
_jСправочники
_9897424
_3RU\NLR\auth\665482
610 0 _aОвощеводство приусадебное - Справочники
610 0 _aСадоводство приусадебное - Справочники
610 0 _aСправочники - овощеводство приусадебное
610 0 _aСправочники - садоводство приусадебное
675 _a[634.1+635.1/.8]:631.115.11(035.5)
_v3
_zrus
686 _a68.35
_2rugasnti
686 _a42.3я2
_2rubbk
686 _aП147я2
700 1 _4070
_7ca
_8rus
_aПономарев
_bН. Б.
_cспециалист по приусадеб. овощеводству
_gНиколай Борисович
_940905
_3RU\NLR\auth\7757973
801 0 _aRU
_bRKP
_c20011022
_gPSBO
801 1 _aRU
_bRKP
_c20011022
801 2 _aRU
_bNLR
_c20071108
_grcr
942 _cBOOK
980 _aNB